000 01251nam a2200229Ia 4500
001 L235-7810
003 IT-CnALBA
008 170116s9999||||xx |||||||||||||| ||und||
040 _aIT-CnALBA
_cIT-CnALBA
041 _aITALIANO
100 _aPIEROPAN GRAZIOSO, SAC.
245 0 _aUNA FULGENTE CORONA DI GLORIA. MESE DI MAGGIO.
250 _a1a ed.
260 _a VICENZA
_bFAVERO L., EDITORE PONTIFICIO
_c1954 [1° Ed.:1954 - Ed.Ling.Originale: 1954]
300 _a238 p. (prefazione: 710)
500 _aIMMACOLATA. NATIVITÀ. NOME DI MARIA. ANNUNZIAZIONE. MAGNIFICAT. ADDOLORATA. ASSUNZIONE. ROSARIO. AVE MARIA: COMMENTO. SALVE REGINA. LITANIE. S. CUORE DI MARIA. VIRTÙ. CONSOLATRICE DEGLI AFFLITTI. AIUTO DEI CRISTIANI. MARIA E IL LAVORO. LA MORTE. MARIA NEL
501 _aSocietà San Paolo EM - Piazza San Paolo, 14 - 12051 ALBA (CN) (non commercial uses only) ® Copyright 2017
520 _aIMMACOLATA. NATIVITÀ. NOME DI MARIA. ANNUNZIAZIONE. MAGNIFICAT. ADDOLORATA. ASSUNZIONE. ROSARIO. AVE MARIA: COMMENTO. SALVE REGINA. LITANIE. S. CUORE DI MARIA. VIRTÙ. CONSOLATRICE DEGLI AFFLITTI. AIUTO DEI CRISTIANI. MARIA E IL LAVORO. LA MORTE. MARIA NEL
650 _aMARIA SS. ANGELI SANTI DEMONI
942 _cBK
957 _71
999 _a8786
_bNO
_g Copie: 1
_c266992
_d266992